[Event "FRA-chT1 9495"]
[Site "Montpellier"]
[Date "1994.??.??"]
[Round "7"]
[White "Bauer, Christian"]
[Black "Shirov, Alexei"]
[Result "0-1"]
[WhiteElo "2480"]
[BlackElo "2740"]
[Annotator "Primel,D"]
[PlyCount "94"]
[EventDate "1994.04.??"]
[EventType "team-tourn"]
[EventRounds "16"]
[EventCountry "FRA"]
[SourceTitle "EXT 2015"]
[Source "ChessBase"]
[SourceDate "2014.11.20"]
[SourceVersion "1"]
[SourceVersionDate "2014.11.20"]
[SourceQuality "1"]
[WhiteTeam "Nancy"]
[BlackTeam "Lyon"]
[WhiteTeamCountry "FRA"]
[BlackTeamCountry "FRA"]

1. c4 e5 {SHIROV a réalisé le score impressionnant de 6/6 dans ce championnat!}
2. g3 {Evitant la ligne principale car а l'époque, SHIROV était le grand
spécialiste de la variante Bb4} (2. Nc3 Bb4 3. Nd5 Be7 {Kasparov,G (2805)
-Shirov,A (2740) Novgorod 1994 (1) 1-0}) 2... f5 {Une ligne très agressive qui
rappelle une position d'attaque grand-Prix avec couleurs inversées mais elle
est assez risquée pour les noirs.} 3. Nc3 {moins précis que d4 et après 4. Bb4,
les noirs sont ok.} (3. d4 $142 $1 {Toujours dans l'esprit du gambit TAL mais
avec un temps de plus et la réaction centrale а une attaque а l'aile ne peut
être mauvaise.  La théorie préfère d'ailleurs depuis longtemps la variante 3.d4
} exd4 4. Qxd4 Nc6 5. Qe3+ $1 {Cette manoeuvre est connue dans les positions
issues de 2.Nc3 au lieu de g3} Kf7 6. Nf3 Nf6 7. Ng5+ Kg8) 3... Nf6 (3... Nc6)
(3... d6) 4. Bg2 Bb4 $1 5. Qb3 (5. Qc2 {plus courant}) 5... Bxc3 (5... c5 $5 {
Reshevsky,S (2450)-Westerinen,H (2400) GMA op Moscow 1989 (7) 0-1}) 6. Qxc3 d6
7. d4 $1 (7. d3 O-O 8. Nf3 Nc6 $11 {[%csl Gd4]}) 7... exd4 {[%cal Gb8c6]
Abandonne le centre mais les N noirs seront actifs} (7... Qe7 8. Bg5 {Zueger,B
(2470)-Gavrikov,V (2605) SUI-chT Switzerland 1995 (2) 0-1} (8. dxe5 $5 $14 {
semble plus logique pour activer la paire de B})) 8. Qxd4 Nc6 9. Qd3 $6 $146 {
[%csl Rd3]} (9. Qe3+ $142 Kf7 $11 {Zaichik,G-Karner,H URS Spartakiad 8th 1983 
(4) 1/2}) 9... O-O $32 10. Nf3 Ne4 $1 {[%cal Gd8f6,Gc8d7,Ga8e8] les noirs ont
un bon jeu de pièces} 11. O-O Qf6 $1 {[%csl Rb2,Rc1][%cal Gf6b2] force les
blancs а perdre un nouveau tempo avec la Q pour défendre la faiblesse "b2" et
développer le Bc1. Les blancs ont la paire de B mais le Bc1 manque de bonnes
cases de développement.} 12. Qc2 {4ème coup de Q en 12 coups...} (12. Nd2 $143
{[%cal Gd2e4]} Nc5 $36 {[%csl Rd3]}) (12. Be3 $5 {les blancs pouvaient
s'activer avec ce sacrifice de P intéressant} Qxb2 13. Nd2 Nc5 (13... Nxd2 14.
Bxd2 Ne5 15. Qd5+ Kh8 16. Rfb1 Qc2 17. Rc1 Qb2 18. Bc3 $44) 14. Bxc5 dxc5 15.
Qd5+ Kh8 16. Qxc5 {[%cal Gc5f8]} Be6 17. Bxc6 bxc6 18. Qxc6 Bg8 19. Nf3 $11)
12... Bd7 (12... a5 $142 $1 {[%cal Ga5a3,Gf6a1] semblait plus logique pour
exploiter la force de la Qf6 et les blancs ne peuvent pas s'opposer а
l'expansion а l'aile-dame sans faire des concessions.} 13. Be3 (13. a3 a4 $132
{[%csl Rb3]}) (13. a4 Nb4 $15) 13... a4 14. Rfd1 (14. Rad1 $6 a3 15. b3 $2 Nb4
$40 {[%csl Ra2,Rb2,Rc3]} (15... Qb2)) 14... a3 15. Rab1 (15. b3 Qb2 $1 {
[%csl Ra2]}) 15... f4 $1 (15... axb2 16. Rxb2 Re8 $15) 16. Bxf4 Bf5 $40 {
[%cal Gf5c2]}) 13. Be3 (13. Bf4 $11 {[%csl Gd6]}) 13... Rae8 14. Rad1 b6 15. a3
Re7 {[%csl Re2,Re3][%cal Gf8e8]} 16. Nd4 Rfe8 17. Rfe1 Qf7 18. Nxc6 Bxc6 19. b4
Qe6 20. Rc1 Qd7 21. Qa2 {[%cal Ga2g8,Gc4c5]} Rf7 22. c5 dxc5 23. bxc5 b5 {
[%csl Rc5]} 24. Red1 Qc8 25. Rd4 Qb7 {[%cal Gc6g2]} 26. Bh3 Kf8 27. a4 {
risqué mais intéressant} bxa4 28. Rxa4 (28. Rb1 Nc3 29. Rxb7 Nxa2 30. Rxa7 Nc3
31. Rd2 Bb5 $15 {[%csl Ga4][%cal Gc7c6,Ga4a1]}) 28... Bxa4 29. Qxa4 c6 $17 30.
Bf4 g6 (30... g5 $5) 31. f3 {[%cal Gf4d6]} Nf6 32. Bd6+ (32. Bf1 {[%csl Re2]})
32... Kg8 33. Qa2 $6 Qb4 34. Bf1 Nd5 $36 {[%csl Gd5,Re3]} 35. Qa6 Qb7 (35...
Qd4+ $5 36. Kh1 Nb4 {[%cal Gb4a6,Gb4c6]} 37. Qa4 Qb2 {[%cal Gb2c1]} 38. Bf4 Rd8
{[%cal Gd8d4]}) 36. Qa2 Ne3 37. Rb1 Qd7 38. Bh3 {[%csl Rh3]} g5 $1 39. Qd2 g4
40. Bg2 Nxg2 (40... Qe6 $5 {[%csl Gc4,Re2][%cal Ge3c4,Re6e2]}) 41. Kxg2 Rf6 42.
Rb2 Rfe6 $40 {[%csl Re2]} 43. Qd3 Re3 44. Qd1 Qe6 45. Kf2 Qh6 $19 {[%csl Rh2]}
46. h4 gxh3 47. Bf4 Qf6 {Lyon a remporté facilement le match par 7,5/1,5!} 0-1

[Event "ISR-chT"]
[Site "Israel"]
[Date "1996.??.??"]
[Round "4"]
[White "Psakhis, Lev"]
[Black "Gofshtein, Leonid D"]
[Result "0-1"]
[WhiteElo "2610"]
[BlackElo "2540"]
[Annotator "Psakhis,L"]
[PlyCount "44"]
[EventDate "1996.??.??"]
[EventType "team"]
[EventRounds "11"]
[EventCountry "ISR"]
[SourceTitle "CBM 052 Extra"]
[Source "ChessBase"]
[SourceDate "1996.07.01"]
[SourceVersion "1"]
[SourceVersionDate "1996.07.01"]
[SourceQuality "1"]

1. c4 d6 2. d4 e5 3. Nc3 exd4 4. Qxd4 Nc6 5. Qd2 Nf6 6. g3 $6 (6. b3 $5 Be6 7.
e4) 6... Be6 7. e4 (7. Nd5 Ne5 8. b3 Ne4 (8... Be7 $5 9. Bg2 c6 10. Nxe7 Qxe7
11. Ba3 Rd8 12. f4 Ng6 13. O-O-O c5 $13 {Ligterink-Timman,J/Wijk/1985/}) 9. Qe3
(9. Qd4 f5 $5 10. Bg2 g6 11. Bb2 c5 12. Qd1 Bxd5 13. Qxd5 Qa5+ 14. Kd1 Nd3 $3 {
Kristiansen,J-Reinert/DEN/1985/}) 9... Nc5 $5 (9... c6 10. Qxe4 cxd5 11. cxd5
Qa5+ 12. Bd2 Bxd5 13. Bxa5 Bxe4 14. f3 Bc6 15. Bg2 Be7 16. Nh3 O-O 17. Rd1 Rfe8
18. O-O Bb5 $10 {Ftacnik,L-Timman,J/Wijk/1985/}) 10. Bg2 $1 (10. Bb2 $6 c6 11.
Nf4 $2 (11. Nc3 Ng4 12. Qd4 Be7 $15) 11... Ng4 $1 12. Qd4 Ne4 $3 $19 {Huebner,
R-Kasparov,G/Hamburg/1985/0-1/28/}) 10... c6 11. Nc3 a5 $13) 7... Be7 $1 {N/}
8. f3 (8. b3 $5 Nxe4 $1 9. Nxe4 d5 10. Bg2 $1 $8 (10. cxd5 $2 Bxd5 11. f3 Bb4
12. Nc3 Qf6 13. Bb2 O-O-O $19 14. Be2 (14. O-O-O Bxf3 $19) 14... Bxf3 15. Nxf3
Rxd2 16. Kxd2 Rd8+ 17. Kc2 Qg6+ 18. Kc1 Bc5 19. Nd1 Qe4 20. Re1 {Benko,
P-Psakhis,L/Aruba/1992/} (20. Re1 Nb4 $19)) 10... Bb4 (10... dxe4 $6 11. Bxe4
$10) 11. Nc3 d4 12. Bb2 Qf6 13. Nge2 O-O-O $40 {Franco,Z-Romero Holmes,A/Leon/
1990/0:1/CBM/20}) (8. Qe2 $5) 8... Nd7 $1 $36 (8... O-O 9. b3 a5 10. Nge2 a4
11. Rb1 axb3 12. axb3 Ne5 13. Bg2 Bh3 14. O-O Bxg2 15. Kxg2 Re8 16. Bb2 $14 {
Bareev,E-Mokry,K/Trnava A/1989/0,5/42/}) 9. Nd5 (9. b3 $5) 9... O-O 10. Bg2 f5
$1 (10... Nce5 $5 11. b3 Nc5) 11. exf5 (11. Ne2 fxe4 12. fxe4 Nde5 $17) (11. f4
Nc5 12. exf5 Bxf5 $17) (11. Bh3 Nce5 12. exf5 Bxf5 13. Bxf5 Rxf5 $36) 11...
Bxf5 12. Ne3 (12. f4 $5 Nc5 $36) 12... Be6 13. f4 d5 $3 (13... Bf6 14. Nf3 Nb6
15. Qc2 Nb4 $36) (13... Nb6 14. b3 Bf6 15. Rb1 Re8 16. Nf3 $15) 14. Nxd5 Re8 $5
(14... Nf6 $2 15. a3 Bc5 16. Ne2 Re8 17. Nxf6+ $14) (14... Bc5 $5 15. Ne2 Re8 {
-14...Re8}) (14... Nb6 $5 15. Qe3 $2 Bxd5 16. cxd5 Bb4+ 17. Bd2 Re8 $19) 15.
Nf3 (15. Ne2 Bc5 $1 16. h3 (16. b3 Bg4 17. Ndc3 Nd4 $19) 16... Nb6 17. Nxb6 Bb4
$1 18. Nxa8 Bxd2+ 19. Bxd2 Qxa8 20. b3 Bxc4 $5 21. bxc4 Nd4 $17) 15... Bc5 16.
Kf1 (16. Kd1 Nf6 17. Nxf6+ Qxf6 18. Qc2 Bg4 19. Bd2 (19. Rf1 Rad8+ 20. Bd2 Bb4
$19) 19... Nd4 20. Qd3 Rad8 $19) 16... Nb6 $1 (16... Nf6 $5 17. Ng5 Bxd5 18.
Bxd5+ (18. cxd5 $2 Bb4 19. Qd1 (19. Qd3 $4 Re1+ 20. Kf2 Ng4+ 21. Kf3 Nce5+ $19)
19... Re1+ 20. Qxe1 Bxe1 21. dxc6 Qd3+ 22. Kxe1 Re8+ $19) 18... Nxd5 19. cxd5
Nd4 $40) 17. Ng5 (17. Nxb6 axb6 18. b3 Bf5 (18... Na5 19. Qxd8 Raxd8 20. Bb2 (
20. Ne1 Rd1 $19) (20. Ne5 Rd1+ 21. Ke2 Bg4+) 20... Nxc4 $1 $19) 19. Qxd8 (19.
Ne1 Rxe1+ (19... Qd4 $5 $19) 20. Kxe1 Bb4) 19... Raxd8 20. Ne5 (20. Ne1 Rd1 21.
Bd5+ Kf8 22. Be3 Rxa1 23. Bxc5+ bxc5 $19) 20... Nxe5 21. fxe5 Bd3+ 22. Ke1
Rxe5+ $19) 17... Bf5 $1 (17... Bxd5 18. cxd5 Nd4 19. Ne6 Nc4 $14) 18. b3 (18.
Qc3 h6 (18... Nb4 $5) 19. Nh3 Bxh3 20. Bxh3 Nxd5 21. cxd5 Qxd5 22. Qb3 $8 (22.
Bg2 Qd1+) 22... Qxb3 23. axb3 Rad8 24. Bg4 Nd4 $19) (18. Bf3 $5 Nxc4 19. Qc3 (
19. Qd1 Nb4) 19... b5 20. Kg2 h6 21. Nh3 Re4 $1 22. g4 (22. Rd1 Bd4) 22... Nd4
$17 (22... Qxd5 23. gxf5 Qxf5 24. Qd3)) 18... Nb4 19. Bf3 $2 $138 (19. Nxb4 $5
$8 Bxb4 20. Qxd8 (20. Bd5+ Nxd5 21. Qxd5+ Qxd5 22. cxd5 Bc3) 20... Raxd8 21. g4
$1 Bd3+ (21... Rd1+ 22. Kf2 Bc5+ 23. Kg3 Rd3+ 24. Bf3) 22. Kf2 Bc3 23. Be3 Bxa1
$17) 19... N6xd5 20. Bxd5+ (20. cxd5 Nc2 21. Ne6 Qd6 $1 22. g4 Ne3+ $19) 20...
Nxd5 21. Qxd5+ (21. cxd5 Qf6 (21... Qd7 22. Kg2 h6) 22. d6 (22. Bb2 Qa6+ 23.
Kg2 Re2+) 22... Qxa1 23. Qd5+ Re6 24. Qxc5 (24. Qxf5 Qxc1+ 25. Kg2 Qd2+ 26. Kh3
Rh6+ 27. Kg4 Qe2+ 28. Nf3 Rg6+) 24... Bd3+ 25. Kg1 (25. Kg2 Qxa2+ 26. Kh3 Rh6+
27. Kg4 Qe2+) 25... cxd6 $19) 21... Qxd5 22. cxd5 Bd4 0-1

[Event "EU-chT (Men) 12th"]
[Site "Batumi"]
[Date "1999.12.05"]
[Round "7.3"]
[White "Miezis, Normunds"]
[Black "Psakhis, Lev"]
[Result "0-1"]
[WhiteElo "2524"]
[BlackElo "2581"]
[Annotator "Psakhis,L"]
[PlyCount "88"]
[EventDate "1999.11.06"]
[EventType "team-swiss"]
[EventRounds "9"]
[EventCountry "GEO"]
[SourceTitle "CBM 074"]
[Source "ChessBase"]
[SourceDate "2000.02.01"]
[SourceVersion "1"]
[SourceVersionDate "2000.02.01"]
[SourceQuality "1"]
[WhiteTeam "Latvia"]
[BlackTeam "Israel"]
[WhiteTeamCountry "LAT"]
[BlackTeamCountry "ISR"]

1. c4 e5 2. Nc3 Bb4 3. g3 Bxc3 4. dxc3 d6 5. Bg2 (5. e4 Nf6 6. Bg2 Nbd7 7. Be3
O-O 8. h3 a6 9. a4 Nc5 10. Bxc5 dxc5 11. Qe2 Ne8 12. Nf3 f6 13. Nd2 Nd6 14. O-O
Be6 15. Kh2 Qe7 16. b3 b6 17. f4 Nf7 18. f5 Bd7 19. Rf2 Bc6 {Miezis,N-Bologan,
V/Tallinn op 1998/1/2-1/2 (56)}) 5... Nf6 6. Nf3 Nc6 (6... O-O 7. O-O Qe7 8.
Ne1 Rd8 9. Nc2 c6 10. e4 Be6 11. Ne3 Na6 12. Qc2 d5 13. cxd5 cxd5 14. exd5 Nxd5
15. Rd1 Nac7 16. Bd2 Nxe3 17. Bxe3 Nd5 18. Qe4 Nxe3 19. Qxe3 Rxd1+ 20. Rxd1
Bxa2 {1-0 Gruenberg-Schoppmeyer/BL 1987 (30)}) 7. Qc2 (7. O-O h6 8. c5 d5 9. b4
a6 10. c4 dxc4 11. Qxd8+ Kxd8 12. Bb2 Re8 13. Rfd1+ Bd7 14. a4 Kc8 15. b5 axb5
16. axb5 Rxa1 17. Rxa1 Nb8 18. Nxe5 Bxb5 19. Ra7 Bc6 20. Bh3+ Bd7 21. Nxd7
Nfxd7 {Uhlmann,W-Gavrikov,V/Tallinn 1987/Inf 43/1-0 (42)}) (7. Bg5 Be6 8. b3 h6
9. Bxf6 Qxf6 10. O-O Qe7 11. Ne1 h5 12. f4 exf4 13. gxf4 Bg4 14. Rf2 h4 15. Qd3
h3 16. Bd5 Bd7 17. Qe4 Qxe4 18. Bxe4 O-O-O 19. Bd5 f6 {Toikka,J-Paasikangas,J/
FIN t-ch 1998/0-1 (63)}) 7... Be6 $146 (7... O-O 8. e4 a5 9. a4 Kh8 10. b3 Ng8
11. Nh4 g6 12. O-O Be6 13. Be3 Qe7 14. Rae1 Rae8 15. h3 h6 16. Kh2 Qd8 17. Bf3
Kg7 18. Bg4 b6 19. f3 Nf6 20. Qd2 Rh8 21. Bf2 Bc8 22. Bxc8 {Naranja,R-Hecht,H/
Nice ol 1974/0-1 (41)}) 8. b3 h6 9. h3 Qd7 10. e4 g5 11. h4 g4 12. Nh2 Nh5 13.
Nf1 f5 14. exf5 Bxf5 15. Qe2 Nf6 16. Ne3 e4 (16... Be6 17. Nd5 Qf7 $13) 17.
Nxf5 Qxf5 18. Bf4 O-O-O 19. O-O-O Ne5 20. Kb1 Nf3 21. Ka1 b6 (21... h5 $5) 22.
Qe3 Qg6 $6 (22... h5) 23. Qc1 $5 Rde8 (23... Kb8 $5) 24. Bf1 Kb8 25. b4 Qh5 26.
Qa3 Qf5 27. Be3 (27. c5 $1 Ne5 (27... Nd5 28. cxd6 Nxf4 29. dxc7+ Ka8 30. Qa4
$18) (27... dxc5 28. Bxc7+ $1 Kxc7 $140 29. Qxa7+ Kc6 30. b5#) (27... bxc5 28.
Rb1 (28. bxc5 Qxc5 29. Rb1+ Kc8 (29... Ka8 30. Bb5 $1 $18) 30. Ba6+ Kd8 31.
Qxc5 dxc5 32. Rhd1+ Ke7 33. Bxc7 $18 {[%csl Ga6,Gc7]}) 28... c4 29. Be3 (29.
Bxc4 Nd7) 29... Qb5 30. Qxa7+ Kc8 31. a4 Qb7 32. Qxb7+ Kxb7 33. Bxc4 $18) 28.
cxd6 cxd6 29. Rxd6 Rd8 30. Rxd8+ Rxd8 31. Be2 $18) 27... h5 28. c5 dxc5 29.
bxc5 Nd5 30. Bc1 e3 $138 (30... Rd8 $5) 31. Bc4 Rd8 (31... e2 32. Bxd5 (32.
Rxd5 Qe4) 32... exd1=Q 33. Rxd1 $44) 32. c6 (32. fxe3 Qe5) 32... a5 33. Qb3 Nd2
$1 34. Bxd2 exd2 35. Rxd2 Nf6 36. Rhd1 (36. Rxd8+ $5 Rxd8 37. Rd1 Re8 $44)
36... Rxd2 37. Rxd2 Ne4 (37... Qf3 $5 $15) 38. Re2 $6 (38. Qc2 $1 Qf6 $5 (38...
Qf3 39. Rd3 (39. Bd5 Qxc3+ 40. Qxc3 Nxc3 41. Bf7 Ne4 42. Rd5 {[%csl Rh5]})) (
38... Qe5 39. Rd4 Nd6 $44) 39. Qxe4 $140 Qxc3+ 40. Rb2 Qc1+ 41. Qb1 Qxc4 42.
Rxb6+ Ka8 $1 $11) 38... Nxf2 (38... Qf3 $5 39. Re3 $140 Qh1+) 39. Bd5 $2 (39.
Qb5 Qxb5 40. Bxb5 Nh1 41. Re3 Rf8 $15) 39... Nd3 40. Rd2 (40. Bg2 $8 $17) 40...
Re8 41. Rd1 Nc5 42. Qc4 (42. Qb2 Re3 $19) 42... Qc2 $19 43. Rb1 (43. Rh1 Re2
44. Rb1 Na4) 43... Na4 44. Bf7 (44. Qb3 $8 Qxc3+ 45. Qxc3 Nxc3 46. Bf7 Rf8 47.
Rb3 (47. Rf1 Ne2) 47... Rxf7 48. Rxc3 Rf3 $19) 44... Re1 $1 0-1

[Event "Bundesliga 1112"]
[Site "Germany"]
[Date "2011.11.20"]
[Round "5.5"]
[White "Henrichs, Thomas"]
[Black "Hector, Jonny"]
[Result "1-0"]
[WhiteElo "2473"]
[BlackElo "2575"]
[Annotator "RR"]
[PlyCount "73"]
[EventDate "2011.10.14"]
[EventType "team-tourn"]
[EventRounds "15"]
[EventCountry "GER"]
[SourceTitle "CBM 146"]
[Source "ChessBase"]
[SourceDate "2012.01.18"]
[SourceVersion "1"]
[SourceVersionDate "2012.01.18"]
[SourceQuality "1"]
[WhiteTeam "Dortmund Hansa"]
[BlackTeam "Emsdetten Turm"]
[WhiteTeamCountry "GER"]
[BlackTeamCountry "GER"]

1. c4 e5 2. Nc3 Bb4 3. Nd5 Be7 4. d4 d6 5. e4 Nf6 6. Nxe7 Qxe7 7. f3 Nh5 8. Ne2
O-O 9. Be3 f5 10. exf5 exd4 11. Qxd4 Nc6 12. Qc3 Bxf5 13. O-O-O Rae8 14. Bd2
Bg6 15. g4 Nf6 16. Nf4 Bf7 17. h4 Ne5 18. h5 h6 19. Re1 Qd7 20. b3 Qc6 21. Be2
d5 22. Nd3 Nxd3+ 23. Bxd3 dxc4 24. bxc4 Rd8 $6 (24... Rxe1+ 25. Rxe1 Rd8 $11)
25. g5 $16 hxg5 26. h6 Rxd3 27. Qxd3 Bxc4 28. Qd4 Bd5+ 29. Bc3 Bxf3 30. hxg7 $6
(30. Rh3 gxh6 31. Re3 $18) 30... Kxg7 $16 31. Rhg1 g4 32. Re5 Kg6 $4 (32... Rd8
33. Qe3 Kf7 $11) 33. Qd3+ $18 Kf7 34. Rge1 Qd6 $2 (34... Qd7 35. Qc2 Re8) 35.
Qf5 $18 a5 36. Re6 Qa3+ 37. Bb2 1-0

[Event "Dos Hermanas"]
[Site "Dos Hermanas"]
[Date "1994.??.??"]
[Round "9"]
[White "Gulko, Boris F"]
[Black "Rivas Pastor, Manuel"]
[Result "1-0"]
[WhiteElo "2615"]
[BlackElo "2505"]
[Annotator "RR"]
[PlyCount "59"]
[EventDate "1994.04.??"]
[EventType "tourn"]
[EventRounds "9"]
[EventCountry "ESP"]
[EventCategory "16"]
[SourceTitle "CBM 041"]
[Source "ChessBase"]
[SourceDate "1994.08.01"]
[SourceVersion "1"]
[SourceVersionDate "1994.08.01"]
[SourceQuality "1"]

1. d4 d6 2. c4 e5 3. Nf3 e4 4. Ng5 f5 5. Nc3 c6 6. Nh3 Be7 7. Bf4 g5 8. Bd2 h6
9. e3 Nf6 10. f3 a6 11. fxe4 fxe4 12. Nf2 d5 13. Qb3 b5 14. cxd5 cxd5 15. Rc1
Bb7 16. Be2 Nc6 (16... Nbd7) 17. Ncxe4 dxe4 18. Nxe4 Kf8 $2 (18... Nxe4 19.
Bh5+ Kd7 20. Bg4+ Ke8 (20... Kc7 21. Ba5+) 21. Bh5+ $10) 19. Nxf6 Bxf6 20. Bh5
$18 Rh7 21. O-O Qd6 22. Rxf6+ Qxf6 23. Rf1 Qxf1+ 24. Kxf1 Re7 25. d5 Ne5 26.
Bb4 Rd8 27. e4 Rdd7 28. Qc3 Kg7 29. Bxe7 Rxe7 30. d6 1-0

[Event "RUS Cup final"]
[Site "Magnitogorsk"]
[Date "2011.11.14"]
[Round "1.4"]
[White "Kokarev, Dmitry"]
[Black "Kovalenko, Igor"]
[Result "0-1"]
[WhiteElo "2619"]
[BlackElo "2584"]
[Annotator "RR"]
[PlyCount "88"]
[EventDate "2011.11.13"]
[EventType "k.o."]
[EventRounds "4"]
[EventCountry "RUS"]
[SourceTitle "CBM 146"]
[Source "ChessBase"]
[SourceDate "2012.01.18"]
[SourceVersion "1"]
[SourceVersionDate "2012.01.18"]
[SourceQuality "1"]

1. c4 f5 2. g3 Nf6 3. Bg2 g6 4. Nc3 Bg7 5. d3 O-O 6. e4 d6 7. Nge2 e5 8. O-O c6
9. exf5 gxf5 10. d4 Na6 11. b3 Re8 12. dxe5 dxe5 13. Qxd8 Rxd8 14. Be3 Ng4 15.
Bg5 Re8 16. Rad1 h6 17. Bc1 Be6 18. h3 Nf6 19. Be3 Bf7 20. Rd2 Bh5 21. f4 exf4
22. Bxf4 Nc5 23. Nd4 Bg6 24. Bd6 $6 (24. Nxc6 Nh5 25. Nd4 $16) 24... Nce4 25.
Nxe4 Nxe4 26. Bxe4 fxe4 27. Nf5 Bxf5 28. Rxf5 Rad8 29. c5 b6 30. Re2 bxc5 31.
Bf4 Rd5 32. g4 Bd4+ 33. Kg2 Kg7 34. h4 Rxf5 35. gxf5 Kf6 36. Bxh6 Kxf5 37. Re1
Kg4 38. Bg5 e3 39. Re2 a6 40. Bh6 Re7 41. Bg5 Rf7 42. Rc2 Rf3 43. Be7 Rg3+ 44.
Kf1 Kf3 0-1

[Event "EU-chT (Men) 15th"]
[Site "Gothenburg"]
[Date "2005.07.31"]
[Round "2.1"]
[White "Bakalarz, Mietek"]
[Black "Godena, Michele"]
[Result "1-0"]
[WhiteElo "2423"]
[BlackElo "2522"]
[Annotator "Ribli,Z"]
[PlyCount "61"]
[EventDate "2005.07.30"]
[EventType "team-swiss"]
[EventRounds "9"]
[EventCountry "SWE"]
[SourceTitle "CBM 109"]
[Source "ChessBase"]
[SourceDate "2005.11.14"]
[SourceVersion "1"]
[SourceVersionDate "2005.11.14"]
[SourceQuality "1"]
[WhiteTeam "Luxembourg"]
[BlackTeam "Italy"]
[WhiteTeamCountry "LUX"]
[BlackTeamCountry "ITA"]

1. c4 e5 2. Nc3 Bb4 {Diese Nebenvariante wird relativ selten gespielt. Schwarz
möchte den weißen Springer tauschen oder 3.Nd5 provozieren.} 3. g3 (3. Nd5)
3... Bxc3 4. bxc3 d6 5. Bg2 Ne7 {Der Springer zieht nach e7, um sich die
Möglichkeit f7-f5 offen zu halten.} 6. d3 O-O 7. e4 Nbc6 8. Rb1 b6 9. Ne2 Qe8 {
Ein Wartezug, besser wäre es, direkt 9...f5 zu ziehen.} (9... f5 10. exf5 (10.
f3 fxe4 11. fxe4 Bg4) 10... Bxf5 11. Bg5 Bd7 12. Qd2 Qe8 13. O-O Rb8 14. Bxe7
Nxe7 15. f4 Ng6 16. Rf2 exf4 17. Nxf4 Nxf4 18. Rxf4 Rxf4 19. Qxf4 Bc6 20. Bxc6
Qxc6 21. Rf1 Qc5+ 22. Kg2 Qh5 {0-1 Khadempour,F-Pribyl,M/Schwaebisch Gmuend
1997/EXT 98 (68)}) 10. O-O f5 11. f3 Bd7 $11 {Schwarz hat eine sehr feste
Stellung, ohne Schwächen, während Weiß das Läuferpaar besitzt und seine
Bauernstruktur schwach ist.} (11... fxe4 12. fxe4 Bg4) (11... Qg6) 12. exf5
Bxf5 (12... Nxf5 13. f4) 13. g4 (13. f4 $2 Qg6 $17 {[%cal Gg6b1,Ge5e4]}) 13...
Be6 14. h3 {[%cal Gf3f4][%mdl 32] Bevor Weiß f3-f4 zieht, verteidigt er seinen
g4-Bauern.} Rd8 $6 {Dieser Turmzug scheint mir etwa schablonenhaft; es wäre
zielführender mit konkreten Zügen einen Vorteil am Königsflügel zu erlangen.} (
14... h5 $5 15. Ng3 Qg6 16. Nxh5 $2 Bxc4 $17) (14... d5 $5) 15. f4 exf4 (15...
d5 $2 16. f5 Bc8 17. cxd5 Nxd5 18. Bg5 $16) 16. Nxf4 $14 {[%csl Gc1,Yd5,Gg2]
Weiß öffnet die Stellung und erlangt gleichsam aktives Figurenspiel. Das
d5-Feld ist ein positionelles Loch in der schwarzen Stellung.} (16. Bxf4 $6 Qd7
{[%cal Gh7h5]}) 16... Bf7 17. Nd5 Nxd5 18. cxd5 Ne5 (18... Ne7 19. c4 $14 {
[%cal Gc1b2,Gb2h8]}) 19. Bg5 Rd7 20. d4 Ng6 (20... Nc4 21. Qd3 Na5 22. Rbe1 Qc8
23. Be4 $18) 21. Qd3 $16 {[%csl Gd4,Gd5,Rd7,Re8,Rf7,Rg6][%cal Rb1e1,Re1e8]
Weiß dominiert nach Belieben das Spielgeschehen und kann mit Rbe1 die letzte
Schwerfigur ins Spiel bringen und kontinuierlich die schwarze schlechte
Figurenkonstellation ausnutzen} h6 22. Rbe1 Qa8 {[#]} 23. Rxf7 $1 {[%mdl 64]
Mit diesem schönen Zug erhält Weiß eindeutigen Vorteil.} (23. Qb5 Be8 24. Rxf8+
Nxf8 25. Bd2 Re7 26. Qf1 Rxe1 27. Qxe1 Bf7 28. c4 b5 $132) 23... Rdxf7 24. Qxg6
Re8 (24... hxg5 25. Be4 Rf6 26. Qh7+ Kf7 27. Bf5 $1 (27. Qh5+ Ke7 28. Qxg5 $18)
27... Qxd5 28. Qh5+ g6 29. Qh7#) 25. Re6 $18 (25. Rxe8+ Qxe8 26. Qe6 $18) 25...
hxg5 26. Be4 {[%csl Rg8][%cal Rg6h7,Rh7g8]} Kf8 (26... Rxe6 27. dxe6 $18 {
[%cal Re4a8,Re6f7]}) 27. Qh7 Rf6 (27... Rxe6 28. dxe6 Qe8 29. Bd5 $18 (29. Qh8+
Ke7 30. Qxe8+ Kxe8 31. exf7+ $18)) 28. Rxf6+ gxf6 29. Bg6 Re1+ (29... Qxd5 30.
Qh8+ Qg8 31. Qxf6+ $18 (31. Qxg8+ Kxg8 32. Bxe8 $18)) 30. Kf2 Qxd5 31. Qh8+ 1-0